| 000 | 00715cab a22001935a 4500 | ||
|---|---|---|---|
| 001 | L159087 | ||
| 008 | 160114e20160109xxk 000 0 eng d | ||
| 035 | _a(Sirsi) u159087 | ||
| 041 | 0 | _aeng | |
| 100 | 1 | _aCursham, William | |
| 245 | 0 | 0 | _aMisrepresentation and the Consumer Rights Act |
| 260 | _c2016 | ||
| 490 |
_aEstates Gazette _v(1601) 60(1) |
||
| 520 | _aImplications for developers of the Consumer Rights Act 2015 which came into force on 1 October 2015. This Act may make it easier for consumers to make successful claims against developers based on things stated by the developer pre-contract. | ||
| 590 | _aKA | ||
| 651 | 4 | _aUnited Kingdom | |
| 690 |
_aPlanning and development _96259 |
||
| 942 | _n0 | ||
| 999 |
_c84797 _d84797 |
||